LEADER 00974nam a2200253 u 4500 001 000000090833 003 CaOOAMICUS 005 20070226124751.0 008 051221s1945 it u000 u ita u 035 $a11073534 040 $aPUL(R)$bita 100 1 $aFeroldi, Franco.$0(OLS)http://pul/name/4452 245 10$aOrientamenti economico - sociali /$cFranco Feroldi. 260 $aBrescia :$bMorcelliana,$c1945. 300 $a308 p. ;$c20 cm 490 1 $aProblemi e Opinioni 504 $aBibliografia in nota. 650 4$aEconomia sociale.$0(OLS)http://pul/subject/10942 830 0$aProblemi e Opinioni.$0(OLS)http://pul/title/35206 850 $aPUL 852 $aPUL$W1$xDP1 Fondo Pastorale$y55$mP19 E 56$j114552$nBK-PRI$b $qFondi$B114552$CPULBib$Z2$F114552 $H $81 941 1 $a1 996 $6245$aOrientamenti economico - sociali$9(OLS)http://pul/title/117289 996 $6260$aBrescia :$bMorcelliana$9(OLS)http://pul/publisher/47854 LEADER 01243nam a2200289 a 4500 001 000000134860 003 CaOOAMICUS 005 20130705130325.0 008 130705s1978 it ab u000 u ita r 040 $aPUL$bita 041 1 $aita$heng 100 1 $aCairns, Trevor.$0(OLS)http://pul/name/86879 240 10$aMen become civilized.$lItaliano.$0(OLS)http://pul/title/170551 245 10$aAlle origini della storia /$cTrevor Cairns. 260 $aRoma :$bEditori Riuniti,$c1978$a[Cambridge] :$bCambridge University Press 300 $a96 p. :$bill., c. geogr. ;$c20x22 cm 490 1 $aIntroduzione alla storia dell'umanità ;$v01 650 4$aStoria antica.$0(OLS)http://pul/subject/8581 830 0$aIntroduzione alla storia dell'umanità ;$v01.$0(OLS)http://pul/title/170550 850 $aPUL 852 $aPUL$W1$xDP1 Fondo E. Rossi$y115$m1 S 138$j155133$qFondi$B154686$CPULBib$Z2$F154686 $82 941 1 $a1 961 $aSul dorso collocazione ms. di E. Rossi: S 57 996 $6245$aAlle origini della storia$9(OLS)http://pul/title/170549 996 $6260$aRoma :$bEditori Riuniti$9(OLS)http://pul/publisher/54152 996 $6260$a[Cambridge] :$bCambridge University Press$9(OLS)http://pul/publisher/75652